Normal view MARC view

Entry Nombre personal

Number of records used in: 1

001 - NÚMERO DE CONTROL

  • campo de control: 234935

003 - IDENTIFICADOR DE NÚMERO DE CONTROL

  • campo de control: SpMaBN

005 - FECHA Y HORA DE LA ÚLTIMA TRANSACCIÓN

  • campo de control: 20240124174248.0

008 - ELEMENTOS DE DATO DE LONGITUD-FIJA

  • campo de control de longitud fija: 901120nn aijnnaabn a aaa

016 ## - NÚMERO DE CONTROL DE UNA AGENCIA BIBLIOGRÁFICA NACIONAL

  • Número de control del registro: BNE19900628163

024 7# - IDENTIFICADOR DE OTROS ESTÁNDARES

  • Número estándar o código: http://viaf.org/viaf/24692820/
  • Fuente: viaf

024 7# - IDENTIFICADOR DE OTROS ESTÁNDARES

  • Número estándar o código: https://isni.org/isni/0000000055584083
  • Fuente: isni

024 7# - IDENTIFICADOR DE OTROS ESTÁNDARES

  • Número estándar o código: http://www.wikidata.org/entity/Q112549314
  • Fuente: wikidata

040 ## - FUENTE DE CATALOGACIÓN

  • Centro catalogador/agencia de origen: SpMaBN
  • Lengua de catalogación: spa
  • Centro/agencia transcriptor: SpMaBN
  • Normas de descripción: rdc
  • Convención/Normas de encabezamiento de materia/tesauro: embne

046 ## - FECHAS CON CODIFICACIÓN ESPECIAL

  • Fecha de nacimiento: 1953

100 1# - ENCABEZAMIENTO-NOMBRE DE PERSONA

  • Nombre de persona: Valle-Inclán, Joaquín del,
  • Fechas asociadas al nombre: 1953-

400 1# - TRAZADO DE VÉASE--NOMBRE DE PERSONA

  • Nombre de persona: Valle Inclán, Joaquín del,
  • Fechas asociadas al nombre: 1953-

400 1# - TRAZADO DE VÉASE--NOMBRE DE PERSONA

  • Nombre de persona: Valle-Inclán, Xaquín del,
  • Fechas asociadas al nombre: 1953-

400 1# - TRAZADO DE VÉASE--NOMBRE DE PERSONA

  • Nombre de persona: Valle Inclán, Xaquín del,
  • Fechas asociadas al nombre: 1953-

400 1# - TRAZADO DE VÉASE--NOMBRE DE PERSONA

  • Nombre de persona: Valle-Inclán Alsina, Joaquín del,
  • Fechas asociadas al nombre: 1953-

670 ## - FUENTE DE DATOS ENCONTRADOS

  • Cita de la fuente: Ramón del Valle-Inclán, 2015
  • Información encontrada: port. (Joaquín del Valle-Inclán) sobrecub. (Joaquín del Valle-Inclán Alsina; n. 1953, en Santiago de Compostela; profesor de enseñanza secundaria)

670 ## - FUENTE DE DATOS ENCONTRADOS

  • Cita de la fuente: Historias da cidade do deserto, 1988
  • Información encontrada: port. (Xaquín del Valle-Inclán)